| 000 | 01254nam a2200301 i 4500 | ||
|---|---|---|---|
| 001 | 196536 | ||
| 003 | ES-MaACL | ||
| 005 | 20241016063114.0 | ||
| 007 | ta | ||
| 008 | 241004b196 sp ||||| |||| 00| 0 spa d | ||
| 017 | _aM Sep. 3875/1958 | ||
| 040 |
_bspa _cES-MaACL _dES-MaACL |
||
| 100 | 1 |
_992144 _aPinillos, Manuel, _d1914- 1989 _eaut |
|
| 245 |
_aAlgo con después / _cManuel Pinillos |
||
| 260 |
_a[Madrid : _bs.n.], _c1964. _f(Imp. Boletín Oficial del Estado) |
||
| 300 |
_a9 p.; _c24 cm |
||
| 336 |
_2rdacontent _atexto |
||
| 337 |
_2rdamedia _asin mediación |
||
| 338 |
_2rdacarrier _avolumen |
||
| 500 | _aTirada aparte de la revista "Cuadernos hispanoamericanos" n.º 175-176 | ||
| 655 | 7 |
_2tgfbne _9176539 _aPoesías |
|
| 852 |
_aES-MaACL _cDEPOF _jFOLL-BUE-32 _gDedicatoria manuscrita del autor, Manuel Pinillos, para Antonio Buero Vallejo en cubierta reverso: "A Antonio Buero Vallejo, nuevo saludo, nuevo abrazo; vieja amistad, [Firma] 64" _hLegado: Antonio Buero Vallejo _9204254 |
||
| 903 |
_932421 _aBuero Vallejo, Antonio, _q1 _d1916-2000 _ednr |
||
| 942 |
_n0 _cFOLLETOS |
||
| 999 |
_c196536 _d196536 |
||